<?xml version="1.0" encoding="UTF-8"?>
<record
    xmlns:xsi="http://www.w3.org/2001/XMLSchema-instance"
    xsi:schemaLocation="http://www.loc.gov/MARC21/slim http://www.loc.gov/standards/marcxml/schema/MARC21slim.xsd"
    xmlns="http://www.loc.gov/MARC21/slim">

  <leader>00648nam a22001931a 4500</leader>
  <controlfield tag="001">12193</controlfield>
  <controlfield tag="003">OSt</controlfield>
  <controlfield tag="005">20260204212316.0</controlfield>
  <controlfield tag="008">150319s2013||||ck ||||||b||||||||||spa||</controlfield>
  <datafield tag="020" ind1=" " ind2=" ">
    <subfield code="a">9789587413242</subfield>
  </datafield>
  <datafield tag="082" ind1=" " ind2=" ">
    <subfield code="a">465.07 M843g</subfield>
  </datafield>
  <datafield tag="100" ind1=" " ind2=" ">
    <subfield code="a">Moreno Castrillon, Francisco</subfield>
  </datafield>
  <datafield tag="245" ind1=" " ind2=" ">
    <subfield code="a">Gramatica y ortograf&#xED;a al d&#xED;a: Gu&#xED;a como las principales novedades de la Real Academia Espa&#xF1;ola / Francisco Moreno Castrillon</subfield>
  </datafield>
  <datafield tag="264" ind1=" " ind2=" ">
    <subfield code="a">Barraquilla : Universidad del Norte</subfield>
  </datafield>
  <datafield tag="300" ind1=" " ind2=" ">
    <subfield code="a">195 p.</subfield>
  </datafield>
  <datafield tag="500" ind1=" " ind2=" ">
    <subfield code="a">Incluye referencias bibliogr&#xE1;ficas</subfield>
  </datafield>
  <datafield tag="650" ind1=" " ind2=" ">
    <subfield code="a">ESPA&#xD1;OL - GRAMATICA 2.ESPA&#xD1;OL - ORTOGRAFIA - ENSE&#xD1;ANZA&#xCC;</subfield>
  </datafield>
  <datafield tag="942" ind1=" " ind2=" ">
    <subfield code="2">ddc</subfield>
    <subfield code="c">BK</subfield>
  </datafield>
  <datafield tag="999" ind1=" " ind2=" ">
    <subfield code="c">12193</subfield>
    <subfield code="d">12193</subfield>
  </datafield>
  <datafield tag="952" ind1=" " ind2=" ">
    <subfield code="0">0</subfield>
    <subfield code="1">0</subfield>
    <subfield code="2">ddc</subfield>
    <subfield code="4">0</subfield>
    <subfield code="7">0</subfield>
    <subfield code="b">BU</subfield>
    <subfield code="d">2019-09-09</subfield>
    <subfield code="l">0</subfield>
    <subfield code="o">465.07 M843G</subfield>
    <subfield code="p">017527</subfield>
    <subfield code="r">2019-09-09 00:00:00</subfield>
    <subfield code="w">2019-09-09</subfield>
    <subfield code="y">BK</subfield>
  </datafield>
  <datafield tag="952" ind1=" " ind2=" ">
    <subfield code="0">0</subfield>
    <subfield code="1">0</subfield>
    <subfield code="2">ddc</subfield>
    <subfield code="4">0</subfield>
    <subfield code="7">0</subfield>
    <subfield code="b">BU</subfield>
    <subfield code="d">2019-09-09</subfield>
    <subfield code="l">0</subfield>
    <subfield code="o">465.07 M843G</subfield>
    <subfield code="p">017528</subfield>
    <subfield code="r">2019-09-09 00:00:00</subfield>
    <subfield code="w">2019-09-09</subfield>
    <subfield code="y">BK</subfield>
  </datafield>
</record>
